|
|
|
|
| LEADER |
01899nam a2200433 i 4500 |
| 001 |
EBC4441868 |
| 003 |
MiAaPQ |
| 005 |
20200520144314.0 |
| 006 |
m o d | |
| 007 |
cr cnu|||||||| |
| 008 |
160428t20162016enka ob 001 0 eng d |
| 020 |
|
|
|z 9781849056786
|
| 020 |
|
|
|a 9781784501976 (e-book)
|
| 035 |
|
|
|a (MiAaPQ)EBC4441868
|
| 035 |
|
|
|a (Au-PeEL)EBL4441868
|
| 035 |
|
|
|a (CaPaEBR)ebr11203650
|
| 035 |
|
|
|a (CaONFJC)MIL913743
|
| 035 |
|
|
|a (OCoLC)948393723
|
| 040 |
|
|
|a MiAaPQ
|b eng
|e rda
|e pn
|c MiAaPQ
|d MiAaPQ
|
| 050 |
|
4 |
|a HV1568
|b .B668 2016
|
| 082 |
0 |
|
|a 331.5/94
|2 23
|
| 100 |
1 |
|
|a Booth, Janine,
|e author.
|
| 245 |
1 |
0 |
|a Autism equality in the workplace :
|b removing barriers and challenging discrimination /
|c Janine Booth ; foreword by John McDonnell.
|
| 264 |
|
1 |
|a London, England ;
|a Philadelphia, Pennsylvania :
|b Jessica Kingsley Publishers,
|c 2016.
|
| 264 |
|
4 |
|c 2016
|
| 300 |
|
|
|a 1 online resource (130 pages) :
|b illustrations
|
| 336 |
|
|
|a text
|2 rdacontent
|
| 337 |
|
|
|a computer
|2 rdamedia
|
| 338 |
|
|
|a online resource
|2 rdacarrier
|
| 504 |
|
|
|a Includes bibliographical references and indexes.
|
| 588 |
|
|
|a Description based on print version record.
|
| 590 |
|
|
|a Electronic reproduction. Ann Arbor, MI : ProQuest, 2016. Available via World Wide Web. Access may be limited to ProQuest affiliated libraries.
|
| 650 |
|
0 |
|a People with disabilities
|x Employment.
|
| 650 |
|
0 |
|a Autism.
|
| 655 |
|
4 |
|a Electronic books.
|
| 700 |
1 |
|
|a McDonnell, John,
|e writer of foreword.
|
| 776 |
0 |
8 |
|i Print version:
|a Booth, Janine.
|t Autism equality in the workplace : removing barriers and challenging discrimination.
|d London, England ; Philadelphia, Pennsylvania : Jessica Kingsley Publishers, c2016
|h 128 pages
|z 9781849056786
|w 2015039415
|
| 797 |
2 |
|
|a ProQuest (Firm)
|
| 856 |
4 |
0 |
|u https://ebookcentral.proquest.com/lib/matrademy/detail.action?docID=4441868
|z Click to View
|